Öregek Piroskája
Elmentve itt :
| Szerzők: | |
|---|---|
| Dokumentumtípus: | Cikk |
| Megjelent: |
1976-03-11
|
| Sorozat: | Délmagyarország
66 No. 60 |
| Kulcsszavak: | Pusztaszer, Mezőgazdaság termelőszövetkezet Pusztaszer, Hét Vezér Termelőszövetkezet (Pusztaszer), Szociálpolitika idősgondozás Pusztaszer |
| Online Access: | http://dmarchiv.bibl.u-szeged.hu/85147 |
| LEADER | 00615nab a2200169 i 4500 | ||
|---|---|---|---|
| 001 | delm85147 | ||
| 005 | 20190506144102.0 | ||
| 008 | 190506s1976 hu o 0|| hun d | ||
| 040 | |a SZTE Délmagyarország Archívum |b hun | ||
| 041 | |a hun | ||
| 100 | 1 | |a Gyurkó Mihályné | |
| 245 | 1 | 0 | |a Öregek Piroskája |h [elektronikus dokumentum] / |c Gyurkó Mihályné |
| 260 | |c 1976-03-11 | ||
| 300 | |a 3 | ||
| 490 | 0 | |a Délmagyarország |v 66 No. 60 | |
| 695 | |a Pusztaszer, Mezőgazdaság termelőszövetkezet Pusztaszer, Hét Vezér Termelőszövetkezet (Pusztaszer), Szociálpolitika idősgondozás Pusztaszer | ||
| 700 | 0 | 1 | |a Radics Ferenc |e aut |